000 00861nam a2200241Ia 4500
003 OSt
005 20220923220920.0
006 a|||||r|||| 00| 0
007 ta
008 220922b |||||||| |||| 00| 0 hin d
024 _a192,191
037 _cTextual
040 _aARTS
_cARTS
_bhin
041 _2hin
_ahin
082 _aT, 152N3
100 _aभटनागर, राजेन्द्र मोहन
245 0 _aलोकन्त्र और शिक्षा। अनौपचारिक शिक्षा
246 _aLokantra aur shikṣhā। anaupachārik shikṣhā
260 _aजयपुर
_b माया प्रकाशन मन्दिर
_c1993
300 _a115पृ.
_ccm.
942 _hT, 152N3
_cTEXL
_2CC
999 _c344813
_d344813